banner koha

Ofidios da Amazonia. 14 - as especies de Micrurus, Bothrops, Lanchesis e Crotalus do sul do Para e oeste do Maranhao, incluindo areas de cerrado deste estado (Ophidia: Elapidae e Viperidae) (Registro n. 275293)

MARC details
000 -LÍDER
campo de controle de tamanho fixo 01133nac a22003137a 4500
001 - NÚMERO DE CONTROLE
campo de controle BR8206605
003 - IDENTIFICADOR DO NÚMERO DE CONTROLE
campo de controle BR-BrBNA
005 - DATA E HORÁRIO DA ÚLTIMA TRANSAÇÃO
campo de controle 20240105115543.0
008 - CAMPO DE DADOS FIXOS--INFORMAÇÃO GERAL
campo de controle de tamanho fixo 230509b bl.|||m| |||| 00| 0 por d
040 ## - FONTE DA CATALOGAÇÃO
Instituição da catalogação original BR-BrBNA
Idioma da catalogação por
Instituição que transcreveu o registro Biblioteca Nacional de Agricultura
072 ## - CÓDIGO DE CATEGORIA DE ASSUNTO
Código de Categoria de Assunto L60; L40
090 ## - NÚMERO DE CHAMADA LOCAL
Número de chamada 8527 BR8206605
100 1# - ENTRADA PRINCIPAL--NOME PESSOAL
Nome pessoal Cunha, O.R. da
100 1# - ENTRADA PRINCIPAL--NOME PESSOAL
Nome pessoal Nascimento, F.P. do
110 1# - ENTRADA PRINCIPAL--NOME CORPORATIVO
Nome corporativo ou nome da jurisdição Museu Paraense Emilio Goeldi, Belem, PA (Brasil)
245 1# - TÍTULO
Título Ofidios da Amazonia. 14 - as especies de Micrurus, Bothrops, Lanchesis e Crotalus do sul do Para e oeste do Maranhao, incluindo areas de cerrado deste estado (Ophidia: Elapidae e Viperidae)
260 3# - PUBLICAÇÃO, DISTRIBUIÇÃO, ETC.
Local de publicação, distribuição, etc. Belem, PA (Brasil):
Data da publicação, distribuição, etc. 1982.
300 ## - DESCRIÇÃO FÍSICA
Extensão 58 p.
490 ## - TÍTULO DA SÉRIE
Título da série Boletim do Museu Paraense Emilio Goeldi. Nova Serie. Zoologia (Brazil)
Número do volume ou designação sequencial da série no. 112
ISSN - International Standard Serial Number ISSN 0077-2232
500 ## - NOTA GERAL
Nota geral Summaries (En, Pt); Bibliography p. 33-38 (55 ref.)
650 ## - ASSUNTO--TERMO TÓPICO
Cabeçalho tópico ou nome geográfico COBRA
650 ## - ASSUNTO--TERMO TÓPICO
Cabeçalho tópico ou nome geográfico DISTRIBUICAO GEOGRAFICA
650 ## - ASSUNTO--TERMO TÓPICO
Cabeçalho tópico ou nome geográfico ESTRUTURA ANIMAL
650 ## - ASSUNTO--TERMO TÓPICO
Cabeçalho tópico ou nome geográfico PARA
650 ## - ASSUNTO--TERMO TÓPICO
Cabeçalho tópico ou nome geográfico MARANHAO
650 ## - ASSUNTO--TERMO TÓPICO
Cabeçalho tópico ou nome geográfico CERRADO
909 ## -
-- 202312
-- Lúcia Elande
-- 55
-- Lúcia Elande
942 ## - ELEMENTOS DE ENTRADA ADICIONADOS (KOHA)
Fonte da classificação ou esquema de arquivamento na estante Classificação AGRIS
Ocultar no OPAC Não
Tipo de material Koha Monografia Seriada
Exemplares
Situação do descarte Fonte da classificação ou esquema de arquivamento na estante Situação física Não pode ser emprestado Coleção Biblioteca de origem Biblioteca atual Localização na estante Total de empréstimos Número de telefone completo Código de barras Data de último acesso Tipo de material Koha Fonte de aquisição
  Classificação AGRIS       Biblioteca Nacional de Agricultura - Binagri Biblioteca Nacional de Agricultura - Binagri Agrobase - Acervo Geral   8527 BR8206605 8527 BR8206605 18/12/2023 Monografia Seriada Portaria Interministerial nº 164/94

BINAGRI

Telefone: (61)3218-2567/2388/3357/2097 - binagri@agro.gov.br

Ministério da Agricultura e Pecuária , Esplanada dos Ministérios, Bloco D, Anexo B, Brasília/DF, CEP: 70.043-900